Very easy Toeic
Bewaard in:
| Hoofdauteur: | |
|---|---|
| Formaat: | Boek |
| Taal: | Undetermined |
| Gepubliceerd in: |
Tp.HCM
Trẻ
2011
|
| Onderwerpen: | |
| Online toegang: | http://lrc.tdmu.edu.vn/opac/search/detail.asp?aID=2&ID=7814 |
| Tags: |
Voeg label toe
Geen labels, Wees de eerste die dit record labelt!
|
| Thư viện lưu trữ: | Trung tâm Học liệu Trường Đại học Thủ Dầu Một |
|---|
| LEADER | 00540nam a2200193Ia 4500 | ||
|---|---|---|---|
| 001 | TDMU_7814 | ||
| 008 | 210410s9999 xx 000 0 und d | ||
| 082 | |a 428 | ||
| 090 | |b T112 | ||
| 100 | |a Taylor, Anne | ||
| 245 | 0 | |a Very easy Toeic | |
| 245 | 0 | |c Anne Taylor, Garrett Byrne | |
| 260 | |a Tp.HCM | ||
| 260 | |b Trẻ | ||
| 260 | |c 2011 | ||
| 300 | |a 259tr | ||
| 650 | |a Ngoại ngữ; Toeic | ||
| 856 | |u http://lrc.tdmu.edu.vn/opac/search/detail.asp?aID=2&ID=7814 | ||
| 980 | |a Trung tâm Học liệu Trường Đại học Thủ Dầu Một | ||